LIBRARY & INFORMATION CENTRE, KCAET, TAVANUR

ONLINE PUBLIC ACCESS CATALOGUE (OPAC)

Unit Operations in Food Engineering (Record no. 13873)

MARC details
000 -LEADER
fixed length control field 00318nam a22001337a 4500
020 ## - INTERNATIONAL STANDARD BOOK NUMBER
ISBN 9781566769297
082 ## - DEWEY DECIMAL CLASSIFICATION NUMBER
Classification number 664 IBA/UN
100 ## - MAIN ENTRY--AUTHOR NAME
Personal name Ibarz,Albert
100 ## - MAIN ENTRY--AUTHOR NAME
Personal name Barbosa-Canovas,Gustavo V
245 ## - TITLE STATEMENT
Title Unit Operations in Food Engineering
260 ## - PUBLICATION, DISTRIBUTION, ETC. (IMPRINT)
Place of publication Boca Raton
Name of publisher CRC Press
Year of publication 2003
300 ## - PHYSICAL DESCRIPTION
Number of Pages 889
942 ## - ADDED ENTRY ELEMENTS (KOHA)
Koha item type Books
Holdings
Withdrawn status Lost status Damaged status Home library Current library Date acquired Full call number Accession Number Koha item type
      KAUAET KAUAET 26/08/2022 664 IBA/UN 22623 Books
free website counter